000 00432nam a22001697a 4500
003 OSt
005 20210914120049.0
008 210914b |||||||| |||| 00| 0 eng d
020 _a157766194-x
040 _aHU
_cDDC
082 _a307.76/GME
245 _aUrban life: Readings in the Anthropology of the city
250 _a4th edition
260 _aUSA
_bWaveland press
_c2002
300 _ax,394p,30cm
_bill
942 _2ddc
_cBOOKS
_n0
999 _c3720
_d3720